Objektovo orientované vývojové prostredia a nástroje od spoločnosti IBM Rational
Objektovo orientovaný vývoj pomocou modelovacieho jazyka UML (Unified Modeling Language) v rámci objektovo orientovaných vývojových prostredí a nástrojov je v súčasnosti najpopulárnejším a najbežnejším spôsobom tvorby softvérových produktov. Spoločnosť IBM Rational patrila a aj v súčasnosti patrí me...
Enregistré dans:
| Auteur principal: | |
|---|---|
| Format: | Chapitre de livre |
| Langue: | slovaque |
| Sujets: | |
| Tags: |
Pas de tags, Soyez le premier à ajouter un tag!
|
MARC
| LEADER | 00000nla$a2200000$$$4500 | ||
|---|---|---|---|
| 001 | 0088111 | ||
| 005 | 20240502072004.4 | ||
| 041 | 0 | |a slo | |
| 044 | |a SK | ||
| 245 | 1 | 0 | |a Objektovo orientované vývojové prostredia a nástroje od spoločnosti IBM Rational |c Martin Blahušiak |
| 520 | |a Objektovo orientovaný vývoj pomocou modelovacieho jazyka UML (Unified Modeling Language) v rámci objektovo orientovaných vývojových prostredí a nástrojov je v súčasnosti najpopulárnejším a najbežnejším spôsobom tvorby softvérových produktov. Spoločnosť IBM Rational patrila a aj v súčasnosti patrí medzi popredné spoločnosti poskytujúce takéto nástroje. Vybrané modelovacie nástroje IBM Rational. | ||
| 610 | 2 | 0 | |a technológie informačné |
| 610 | 2 | 0 | |a softvér |
| 610 | 2 | 0 | |a modelovanie |
| 610 | 2 | 0 | |a programovanie |
| 610 | 2 | 0 | |a produkty softvérové |
| 100 | 1 | |a Blahušiak, Martin | |